LDR 00980naa#a2200157#i#450# 001 EN\\bibl\19754 005 20260603050330.3 100 ## _a20260601b2026####ek#y0engy0150####ca 102 ## _aRU 200 1# _aSENSITIVITY OF PHENOLOGICAL RHYTHMS OF TREES TO SPRING TEMPERATURE FLUCTUATIONS IN AN URBAN ENVIRONMENT (GORODE OF VORONEZH) _eConference article/thesis 210 1# _aVoronezh _cFSBE Institution of Higher Education Voronezh State University of Forestry and Technologies named after G.F. Morozov _d2026 215 ## _a5 с. 608 ## _aConference article/thesis _2local 675 ## _aУсловия существования растений. 630.181 _aСезонные явления в жизни растений. Фенология. 581.543 _aПланировка населенных пунктов. Планировка городов, поселков, сел, деревень. Градостроительство в целом. 711.4 _z 700 #1 _aKortunova _gE. R. 856 4# _abibl.vgltu.ru _u